<?xml version="1.0" encoding="UTF-8"?>
<record
    xmlns:xsi="http://www.w3.org/2001/XMLSchema-instance"
    xsi:schemaLocation="http://www.loc.gov/MARC21/slim http://www.loc.gov/standards/marcxml/schema/MARC21slim.xsd"
    xmlns="http://www.loc.gov/MARC21/slim">

  <leader>01278nam0a22002891  4500</leader>
  <controlfield tag="001">v19\rc\1773988</controlfield>
  <controlfield tag="005">20250619120819.0</controlfield>
  <datafield tag="035" ind1=" " ind2=" ">
    <subfield code="a">(NLR Aleph) 004897946</subfield>
  </datafield>
  <datafield tag="090" ind1=" " ind2=" ">
    <subfield code="a">5342484</subfield>
    <subfield code="c">5342484</subfield>
  </datafield>
  <datafield tag="100" ind1=" " ind2=" ">
    <subfield code="a">20061204e19041904|||y0rusy50      ca</subfield>
  </datafield>
  <datafield tag="101" ind1="0" ind2=" ">
    <subfield code="a">rus</subfield>
  </datafield>
  <datafield tag="102" ind1=" " ind2=" ">
    <subfield code="a">RU</subfield>
  </datafield>
  <datafield tag="105" ind1=" " ind2=" ">
    <subfield code="a">a   z   |||||</subfield>
  </datafield>
  <datafield tag="200" ind1="1" ind2=" ">
    <subfield code="a">&#x41A; &#x432;&#x43E;&#x43F;&#x440;&#x43E;&#x441;&#x443; &#x43E; &#x432;&#x43D;&#x443;&#x442;&#x440;&#x438;&#x441;&#x43E;&#x441;&#x443;&#x434;&#x438;&#x441;&#x442;&#x43E;&#x439; &#x44D;&#x43D;&#x434;&#x43E;&#x442;&#x435;&#x43B;&#x438;&#x43E;&#x43C;&#x435;</subfield>
    <subfield code="e">&#x418;&#x437; &#x440;&#x430;&#x431;&#x43E;&#x442; &#x413;&#x43E;&#x441;&#x43F;&#x438;&#x442;. &#x445;&#x438;&#x440;. &#x43A;&#x43B;&#x438;&#x43D;. &#x43F;&#x440;&#x43E;&#x444;. &#x41F;.&#x418;. &#x414;&#x44C;&#x44F;&#x43A;&#x43E;&#x43D;&#x43E;&#x432;&#x430;, &#x442;. 3</subfield>
    <subfield code="f">&#x421;&#x442;&#x443;&#x434;. &#x41A;. &#x424;&#x43E;&#x43D;-&#x412;&#x438;&#x437;&#x435;&#x43D;</subfield>
  </datafield>
  <datafield tag="210" ind1=" " ind2=" ">
    <subfield code="a">[&#x41C;&#x43E;&#x441;&#x43A;&#x432;&#x430;]</subfield>
    <subfield code="c">&#x442;-&#x432;&#x43E; &#x441;&#x43A;&#x43E;&#x440;&#x43E;&#x43F;&#x435;&#x447;. &#x410;.&#x410;. &#x41B;&#x435;&#x432;&#x435;&#x43D;&#x441;&#x43E;&#x43D;</subfield>
    <subfield code="d">&#x446;&#x435;&#x43D;&#x437;. 1904</subfield>
  </datafield>
  <datafield tag="215" ind1=" " ind2=" ">
    <subfield code="a">13 &#x441;., 1 &#x43B;. &#x438;&#x43B;.</subfield>
    <subfield code="d">25</subfield>
  </datafield>
  <datafield tag="309" ind1=" " ind2=" ">
    <subfield code="a">&#x411;&#x435;&#x437; &#x442;&#x438;&#x442;. &#x43B;. &#x438; &#x43E;&#x431;&#x43B;.</subfield>
  </datafield>
  <datafield tag="488" ind1=" " ind2="0">
    <subfield code="1">2001#$a&#x420;&#x430;&#x431;&#x43E;&#x442;&#x44B; &#x413;&#x43E;&#x441;&#x43F;&#x438;&#x442;&#x430;&#x43B;&#x44C;&#x43D;&#x43E;&#x439; &#x445;&#x438;&#x440;&#x443;&#x440;&#x433;&#x438;&#x447;&#x435;&#x441;&#x43A;&#x43E;&#x439; &#x43A;&#x43B;&#x438;&#x43D;&#x438;&#x43A;&#x438; &#x43F;&#x440;&#x43E;&#x444;&#x435;&#x441;&#x441;&#x43E;&#x440;&#x430; &#x41F;.&#x418;. &#x414;&#x44C;&#x44F;&#x43A;&#x43E;&#x43D;&#x43E;&#x432;&#x430;$v&#x422;. 3</subfield>
    <subfield code="t">&#x420;&#x430;&#x431;&#x43E;&#x442;&#x44B; &#x413;&#x43E;&#x441;&#x43F;&#x438;&#x442;&#x430;&#x43B;&#x44C;&#x43D;&#x43E;&#x439; &#x445;&#x438;&#x440;&#x443;&#x440;&#x433;&#x438;&#x447;&#x435;&#x441;&#x43A;&#x43E;&#x439; &#x43A;&#x43B;&#x438;&#x43D;&#x438;&#x43A;&#x438; &#x43F;&#x440;&#x43E;&#x444;&#x435;&#x441;&#x441;&#x43E;&#x440;&#x430; &#x41F;.&#x418;. &#x414;&#x44C;&#x44F;&#x43A;&#x43E;&#x43D;&#x43E;&#x432;&#x430;</subfield>
  </datafield>
  <datafield tag="700" ind1=" " ind2="1">
    <subfield code="a">&#x412;&#x438;&#x437;&#x435;&#x43D;</subfield>
    <subfield code="b">&#x41A;.&#x412;. &#x444;&#x43E;&#x43D;</subfield>
    <subfield code="g">&#x41A;&#x430;&#x440;&#x43B; &#x412;. &#x444;&#x43E;&#x43D;</subfield>
  </datafield>
  <datafield tag="801" ind1=" " ind2="0">
    <subfield code="a">RU</subfield>
    <subfield code="b">NLR</subfield>
    <subfield code="g">psbo</subfield>
  </datafield>
  <datafield tag="801" ind1=" " ind2="0">
    <subfield code="a">RU</subfield>
    <subfield code="b">RuMoRGB</subfield>
    <subfield code="2">psbo</subfield>
  </datafield>
  <datafield tag="801" ind1=" " ind2="1">
    <subfield code="a">RU</subfield>
    <subfield code="b">ProSoft-M</subfield>
    <subfield code="2">rusmarc</subfield>
  </datafield>
  <datafield tag="852" ind1=" " ind2=" ">
    <subfield code="a">NLR</subfield>
    <subfield code="j">38.41.4.28</subfield>
  </datafield>
  <datafield tag="899" ind1=" " ind2=" ">
    <subfield code="a">RuMoRGB</subfield>
    <subfield code="j">&#x41F;&#x440;&#x438;&#x43F;&#x43B;&#x435;&#x442; &#x43A; U 50/480</subfield>
  </datafield>
  <datafield tag="899" ind1=" " ind2=" ">
    <subfield code="a">&#x411;&#x410;&#x41D;</subfield>
  </datafield>
  <datafield tag="942" ind1=" " ind2=" ">
    <subfield code="c">BOOK</subfield>
  </datafield>
  <datafield tag="980" ind1=" " ind2=" ">
    <subfield code="a">NB</subfield>
  </datafield>
  <datafield tag="995" ind1=" " ind2=" ">
    <subfield code="5">2013-10-26</subfield>
    <subfield code="b">NLR02</subfield>
    <subfield code="c">NLR02</subfield>
    <subfield code="e">RFS</subfield>
    <subfield code="f">4897946-10</subfield>
    <subfield code="k">38.41.4.28</subfield>
    <subfield code="o">0</subfield>
    <subfield code="r">BOOK</subfield>
    <subfield code="s">3841428_</subfield>
  </datafield>
  <datafield tag="995" ind1=" " ind2=" ">
    <subfield code="5">2013-10-26</subfield>
    <subfield code="b">NLR01</subfield>
    <subfield code="c">NLR01</subfield>
    <subfield code="e">TEMP</subfield>
    <subfield code="f">4897946-30</subfield>
    <subfield code="o">0</subfield>
    <subfield code="r">BOOK</subfield>
  </datafield>
</record>
